Регионална библиотека "Любен Каравелов" - Русе

История на българския език (Запис номер 57164)

MARC детайли
000 -Лидер
Контролно поле с фиксирана дължина 01664nam a2200373 a 4500
003 - Код на организацията, давaща контролен номер
Контролно поле BLK
005 - Дата и час на последна редакция
Контролно поле 20230703123859.0
008 - Елементи от данни с фиксирана дължина
fixed length control field 180408b bul|||||r ||||||| ||bul||
010 ## - Наследен системен номер
LC control number KNG00061156000
040 ## - Източник на каталожния запис
Идентификатор на билиотеката - собственик на записа BLK
041 ## - Код за език
Код за езика на текст/звукозапис или на отделно заглавие Български
Код за езика КДБФ Български
080 ## - УДК
Текстов определител УДК Български език
УДК код - определител по УДК 811.163.2
УДК определител (091)
УДК - код + определител 811.163.2(091)
100 1# - Редна дума - Автор
Автор Младенов, Стефан
Авторска отговорност първи автор
R(LIN) 367288
139 ## - Редно поле
Редна дума Младенов, Стефан
Авторски знак Мл - М 77
245 10 - Сведения за заглавието
Заглавие История на българския език
Редно поле (дума) Стефан Младенов; прев. от нем. Иван Дуриданов; ред. Иван Дуриданов.
257 ## - Страна на издаване
Страна на създаване/издаване Германия
260 ## - Област на издателските данни
Място на издаване, разпространение и проч. София
Име на издателя, разпространителя и проч. БАН
Година на издаване 1979
300 ## - Физическа характеристика
Страници 411 с.
Размери/Мащаб 22 см
380 ## - Жанр
Жанр Езикознание. Филология
490 ## - СЕРИИ (Колекции)
Име на серия Българско лингвистично наследство
№: серия 1
9 (RLIN) 206503
500 ## - Общи забележки
Забележка Изд. на БАН. Инст. за бълг. ез. - Ориг. загл. Geschichte der bulgarischen Sprache. - Прев. от нем. изд. през 1929 г. - 10 000 тир. - Библиогр. с. 371-382 ; Показалец на думи, корени и афикси.
650 #4 - Допълнително описание по предмет – тема
Основно описание – тема или топоним Български език - история
9 (RLIN) 244177
653 ## - Ключова дума – ненормативна
Ключова дума български език
653 ## - Ключова дума – ненормативна
Ключова дума история
700 1# - Други автори (авторска отговорност)
Лично име Дуриданов, Иван
Автороска отговорност (Описва отношението между автора и произведението) прев. от нем.
9 (RLIN) 367249
700 1# - Други автори (авторска отговорност)
Лично име Дуриданов, Иван
Автороска отговорност (Описва отношението между автора и произведението) ред.
9 (RLIN) 367249
852 ## - Местоположение
Форматна сигнатура Цб 99784
856 4# - Електронен адрес и достъп
Електронен формат pdf - файл
Инструкция (цена за достъп) 0.00
Права за достъп disable
856 4# - Електронен адрес и достъп
Електронен формат pdf - файл
Инструкция (цена за достъп) 0.00
Права за достъп disable
999 ## - СИСТЕМНИ КОНТРОЛНИ НОМЕРА
Koha biblionumber 57164
Koha biblioitemnumber 57164
942 ## - АРТИКУЛИ
Вид на библиотечния материал Книги
Скрит в OPAC Не
Koha issues (borrowed), all copies 3
Периодичен библиозапис Да
944 ## - СЪЗДАВАНЕ И РЕДАКЦИЯ на ЗАПИСА
Създаване/Редакция Създаване
Дата на регистрацията/редакция 13.06.2004
Статус, дата на статуса ф /
Служител, извършил регистрацията/редакцията Людмила_Стоянова
944 ## - СЪЗДАВАНЕ И РЕДАКЦИЯ на ЗАПИСА
Създаване/Редакция Редакция
Дата на регистрацията/редакция 2022-11-29
Служител, извършил регистрацията/редакцията ир
999 ## - СИСТЕМНИ КОНТРОЛНИ НОМЕРА
Koha biblioitemnumber 57164
Наличности
Код за отписване Код за изгубен артикул Източник на класификационната схема Код за повреда Коз за рестрикции Код за отдаване Артикулен № Име на библиотеката - собственик Име на библиотеката, в която се намира в момента Статус (Текущо местоположение) Дата на вписване в системата Местоположение - отдел Цена в лева Инвентарен номер Систематично азбучна сигнатура Баркод Номер на екземпляра Цена в евро Служебна бележка Служебен тип на артикула
  Не е изгубен Universal Decimal Classification Не е повреден само за читалня ползва се в читалня 92071 Регионална библиотека "Любен Каравелов" Русе Регионална библиотека "Любен Каравелов" Русе Хранилище 2001-01-01 Хранилище 4.71 287848 Цб 99784 120000287848 1 2.41 Дост: Dp Вид: Д N: стар фонд Дата: 01.01.2001 Книги
  Не е изгубен Universal Decimal Classification Не е повреден без рестрикции заемане за дома 92072 Регионална библиотека "Любен Каравелов" Русе Регионална библиотека "Любен Каравелов" Русе Заемна - подръчен фонд 2001-01-01 Заемна - подръчен фонд 4.71 289047 811.163.2/М 77 С и 120000289047 2 2.41 Дост: Pk Вид: Ф N: стар фонд Дата: 01.01.2001 Дата инв: 08.02.2018 Бележки инв: П2018 Книги
Изтеглен Не е изгубен Universal Decimal Classification Не е повреден без рестрикции заемане за дома 92073 Регионална библиотека "Любен Каравелов" Русе Регионална библиотека "Любен Каравелов" Русе Заемна - подръчен фонд 2001-01-01 Заемна - подръчен фонд 6.00 643399 811.163.2/М 77 С и 643399 3 3.07 Дост: Pk Вид: Ф N: стар фонд Дата: 01.01.2001 Дата инв: 08.02.2018 Бележки инв: П2018 Книги
  Не е изгубен Universal Decimal Classification Не е повреден без рестрикции ползва се в читалня 92074 Регионална библиотека "Любен Каравелов" Русе Регионална библиотека "Любен Каравелов" Русе Читалня 2013-03-01 Читалня 5.00 120000764516 Ч 811.163.2/М 74 120000764516 4 2.56 Дост: DA Вид: А N: 3 Дата: 01.03.2013 Дата инв: 27.03.2017 Бележки инв: Ч2017 Книги
Vip Innovations Ltd, Rousse, Bulgaria 2025